La galaxia Gutenberg: génesis del homo typographicus
Saved in:
| Hovedforfatter: | |
|---|---|
| Format: | Bog |
| Sprog: | spansk |
| Udgivet: |
Barcelona
Galaxia Gutenberg
1998
Barcelona Círculo de Lectores 1998 |
| Fag: | |
| Tags: |
Tilføj Tag
Ingen Tags, Vær først til at tagge denne postø!
|
MARC
| LEADER | 00000nam a2200000 a 4500 | ||
|---|---|---|---|
| 001 | UCL9849 | ||
| 003 | CL-VaPUC | ||
| 008 | 040827e19980000sp |||||||||||||||||spa|d | ||
| 020 | |a 8481091847 | ||
| 082 | 0 | 4 | |a 303.483 |b MCL |2 21 |
| 100 | |a McLuhan, Marshall |e autor |9 311459 | ||
| 245 | 1 | 3 | |a La galaxia Gutenberg: génesis del homo typographicus |
| 300 | |a 419 p | ||
| 942 | |c BK | ||
| 945 | |d 20040827 00:00:00 |a cmena | ||
| 260 | |a Barcelona |b Galaxia Gutenberg |c 1998 | ||
| 260 | |a Barcelona |b Círculo de Lectores |c 1998 | ||
| 650 | 0 | |a Cambio social |9 256857 | |
| 650 | 7 | |a DESARROLLO TECNOLOGICO |2 CL-VaPUC |9 259800 | |
| 650 | 0 | |a Medios de comunicación |9 257206 | |
| 650 | 0 | |a Gestión de la información |9 362327 | |
| 650 | 0 | |a Desarrollo cultural |9 267526 | |
| 583 | |a last modification |c 20171011 02:15:52 |k Rodrigo Vera | ||
| 999 | |c 310492 |d 310490 | ||
| 952 | |0 0 |1 0 |2 ddc |4 0 |6 303_483000000000000_MCL_1998_1998 |7 0 |8 P |9 379027 |a BIBARQ |b BIBARQ |d 2019-11-21 |i 4055365 |o 303.483 MCL 1998 1998 |p 4055365 |r 2025-01-20 |w 2019-11-21 |y BK |k ARQ | ||
| 952 | |0 0 |1 0 |2 ddc |4 0 |6 303_483000000000000_MCL_1998_1998 |7 0 |8 P |9 379028 |a BIBARQ |b BIBARQ |d 2019-11-21 |i 4055373 |o 303.483 MCL 1998 1998 |p 4055373 |r 2025-01-20 |w 2019-11-21 |y BK |k ARQ | ||